CANTERBURY KADHAKAL (Record no. 10833)

MARC details
000 -LEADER
fixed length control field 00346nam a2200145Ia 4500
005 - DATE AND TIME OF LATEST TRANSACTION
control field 20250409181143.0
008 - FIXED-LENGTH DATA ELEMENTS--GENERAL INFORMATION
fixed length control field 250409s9999||||xx |||||||||||||| ||und||
020 ## - INTERNATIONAL STANDARD BOOK NUMBER
International Standard Book Number 81-264-0000-5
100 ## - MAIN ENTRY--PERSONAL NAME
Personal name CHAUCER GEOFFREY
245 #0 - TITLE STATEMENT
Title CANTERBURY KADHAKAL
260 ## - PUBLICATION, DISTRIBUTION, ETC.
Name of publisher, distributor, etc. D C BOOKS
Place of publication, distribution, etc. KOTTAYAM
300 ## - PHYSICAL DESCRIPTION
Extent 94
650 ## - SUBJECT ADDED ENTRY--TOPICAL TERM
Form subdivision Malayalam Fiction
942 ## - ADDED ENTRY ELEMENTS (KOHA)
Koha item type BOOK
Holdings
Withdrawn status Lost status Damaged status Not for loan Collection Home library Current library Shelving location Date acquired Total checkouts Full call number Barcode Date last seen Price effective from Koha item type
        Malayalam Fiction St.Dominics College Library St.Dominics College Library Malayalam Literature 04/09/2025   894.812301 CHA 20559 04/09/2025 04/09/2025 BOOK